000 00639nam a2200181 i 4500
001 43721
003 ES-MaACL
005 20250627024131.0
007 t|
008 030318q1917 sp ||||1| spa d
111 2 _aExposición Nacional de Pintura, Escultura y Arquitectura (
_d1917.
_cMadrid)
_9159394
245 1 0 _aCatálogo oficial de la Exposición Nacional de Pintura, Escultura y Arquitectura, año 1917.
260 _aMadrid :
_b[s.n.,
_c1917?] (
_fArtes Gráficas Mateu)
300 _a63 p., 40 h. de lám. ;
_c20 cm.
852 _aES-MaACL
_jG-10463
942 _2udc
999 _c43721
_d43721